书目信息 |
| 题名: |
鬼谷子 六韬 三略
|
|
| 作者: | 张卫国 , 晓明 译 | |
| 分册: | ||
| 出版信息: | 武汉 崇文书局 2015 |
|
| 页数: | 304页 | |
| 开本: | 21cm | |
| 丛书名: | ||
| 单 册: | ||
| 中图分类: | B228.04 , E892.4 | |
| 科图分类: | ||
| 主题词: | 纵横家--zong heng jia , 兵法--bing fa--中国--西周时代 , 兵法--bing fa--中国--秦代 | |
| 电子资源: | ||
| ISBN: | 978-7-5403-3849-7 | |
| 000 | 01063nam0 22003251 450 | |
| 001 | 1730257318 | |
| 005 | 20170525101428.0 | |
| 010 | @a978-7-5403-3849-7@b精装@dCNY29.80 | |
| 100 | @a20150916d2015 em y0chiy50 ea | |
| 101 | 0 | @achi |
| 102 | @aCN@b420000 | |
| 105 | @aa z 000yy | |
| 106 | @ar | |
| 200 | 1 | @a鬼谷子 六韬 三略@Agui gu zi liu tao san lue@f张卫国,晓明译 |
| 210 | @a武汉@c崇文书局@d2015 | |
| 215 | @a304页@c图@d21cm | |
| 300 | @a崇文国学经典普及文库 崇文馆家庭典藏 | |
| 330 | @a本书是对《鬼谷子》《六韬》《三略》三书的译注,每篇文章包括旧注、题解、原文、译文几部分。 | |
| 605 | @a《鬼谷子》@Agui gu zi@x译文 | |
| 605 | @a《六韬》@Aliu tao@x译文 | |
| 605 | @a《三略》@Asan lue@x译文 | |
| 606 | 0 | @a纵横家@Azong heng jia |
| 606 | 0 | @a兵法@Abing fa@y中国@z西周时代 |
| 606 | 0 | @a兵法@Abing fa@y中国@z秦代 |
| 690 | @aB228.04@v5 | |
| 690 | @aE892.4@v5 | |
| 701 | 0 | @a张卫国@Azhang wei guo@c(绘画)@4译 |
| 701 | 0 | @a晓明@Axiao ming@c(古籍翻译)@4译 |
| 801 | 0 | @aCN@bTANG WEI@c20170511 |
| 905 | @b0967991-3@dB228.04@e600@f3 | |
| 鬼谷子 六韬 三略/张卫国,晓明译.-武汉:崇文书局,2015 |
| 304页:图;21cm |
| 崇文国学经典普及文库 崇文馆家庭典藏 |
| ISBN 978-7-5403-3849-7(精装):CNY29.80 |
| 本书是对《鬼谷子》《六韬》《三略》三书的译注,每篇文章包括旧注、题解、原文、译文几部分。 |
| ● |
| 相关链接 |
|
|
|
|
正题名:鬼谷子 六韬 三略
索取号:B228.04/600
 
预约/预借
| 序号 | 登录号 | 条形码 | 馆藏地/架位号 | 状态 | 备注 |
| 1 | 0967991 | 209679917 | 第一样本阅览室/ [索取号:B228.04/600] | 在馆 | |
| 2 | 0967992 | 209679926 | 第一借阅区/ [索取号:B228.04/600] | 在馆 | |
| 3 | 0967993 | 209679935 | 第一借阅区/ [索取号:B228.04/600] | 在馆 |